=LDR 00000nam 2200000 4500 =001 NUTBA000000000003557 =005 20221114081450 =035 ##$$a 0010-081400000000402 =008 221114################g##########0#ind## =040 ##$$a NBPDMAT =090 ##$$a 372.7 $b Run c =100 ##$$a Runna Aulia =245 1#$$a Cepat hafal angka 1 - 20 /$c Runna Aulia; penyunting, Ardhika Verdianata =260 ##$$a Yogyakarta :$b Cabe Rawit,$c 2013 =300 ##$$a 40 hlm. : $b ilus. ; $c 27 cm. =650 #4$$a Matematika-TK =700 #$$a Ardhika Verdianata =850 ##$$a NBPDMAT =020 ##$$a 979-610-835-6 =082 ##$$a 372.7 =084 ##$$a 372.7 RUN c =990 ##$$a 21406247 =990 ##$$a 21406248 =990 ##$$a 21406249 =990 ##$$a 21406250 =990 ##$$a 21406251